Statistics for Germany Multiple Choice

Click here to take the quiz!

General Stats

  • This quiz has been taken 15,862 times
  • The average score is 10 of 15

Answer Stats

QuestionAnswer% Correct
Which of these auto companies is NOT based in Germany?Jaguar
93%
Which of these country's flags looks most similar to Germany's?Belgium
91%
What is currywurst?Pork sausage with curry ketchup
86%
Which city is considered the financial capital of Germany?Frankfurt
83%
What is Neuschwanstein?A castle
83%
What is the Bundestag?The parliament of Germany
80%
Which of the following characters would you NOT see in German language writing?ø
77%
What does the word "Zeitgeist" mean?Spirit of the times
76%
Which of these cities was in East Germany?Leipzig
69%
What was the Hanseatic League?An organization of trading cities along the North and Baltic Seas
67%
Which of these people has NOT served as chancellor of Germany?Uwe Boll
58%
What is Carl Friedrich Gauss famous for?Mathematics
53%
What is Carl von Clausewitz famous for?Military theory
41%
In 1989, approximately what percentage of the population lived in East Germany?20
35%
Which of the following was NOT invented or discovered in Germany?Military tanks
31%

Score Distribution

Percentile by Number Answered

Percent of People with Each Score

Your Score History

You have not taken this quiz